Štatistická analýza hospodárskych cyklov v ekonomikách SR a EMÚ bakalárska práca

Saved in:
Bibliographic Details
Main Author: Papp, Marek
Corporate Author: Fakulta hospodárskej informatiky EU. Katedra operačného výskumu a ekonometrie
Other Authors: Szomolányi, Karol, 1976-
Format: Book
Language:Slovak
Published: Bratislava 2012
Tags: Add Tag
No Tags, Be the first to tag this record!

MARC

LEADER 00000nbm a2200000 4500
001 0156180
005 20161109111943.4
041 0 |a slo 
044 |a SK 
245 1 0 |a Štatistická analýza hospodárskych cyklov v ekonomikách SR a EMÚ  |b bakalárska práca  |c Marek Papp ; školiteľ: Karol Szomolányi 
264 1 |a Bratislava  |c 2012 
300 |a 59 s. 
100 1 |a Papp, Marek 
700 1 |a Szomolányi, Karol, 1976- 
710 2 |a Fakulta hospodárskej informatiky EU. Katedra operačného výskumu a ekonometrie